|
|
|
|
| LEADER |
00000nab a2200000 a 4500 |
| 001 |
vtls000804302 |
| 003 |
SK-MaSNL |
| 005 |
20260302151532.0 |
| 008 |
180205c2002 xo 0 slo |
| 015 |
|
|
|a SNBRB2002/09-26663
|
| 035 |
|
|
|a CLN000155957
|
| 040 |
|
|
|a SNKBUCL
|b slo
|c SNKBUCL
|e AACR2
|
| 041 |
0 |
|
|a slo
|
| 044 |
|
|
|a xo
|c SK
|
| 080 |
|
|
|a 796.332.071.4
|2 UDC-MRF-SK2
|
| 100 |
1 |
|
|a Lehoťan, Ivor,
|d 1966-
|4 ain
|9 105454
|
| 245 |
1 |
0 |
|a Nie je kríza silný výraz?
|b Jaroslav Rybár, tréner MŠK Žilina, nebude vymýšľať, čo už vymyslené je
|c Ivor Lehoťan
|
| 300 |
|
|
|b Fotogr.
|
| 600 |
1 |
7 |
|a Rybár, Jaroslav
|2 snkbucl
|9 606990
|
| 655 |
|
7 |
|a články z novín a časopisov
|2 snkbucl
|9 267496
|
| 700 |
1 |
|
|a Rybár, Jaroslav
|4 aut
|4 uin
|9 606990
|
| 773 |
0 |
|
|x 0139-7001
|t Šport
|g Roč. 56, č. 197 (24.8.2002), s. 11
|
| 850 |
|
|
|a Slovenská národná knižnica v Martine
|
| 852 |
|
|
|a SNK
|b KIS3GCP
|
| 958 |
|
|
|a RBX
|
| 999 |
|
|
|c 1360129
|d 1362059
|